|
|
|
|
| LEADER |
00000nam0a2200000 4500 |
| 001 |
318564 |
| 005 |
20231102003105.0 |
| 035 |
|
|
|a (RuTPU)RU\TPU\book\344062
|
| 090 |
|
|
|a 318564
|
| 100 |
|
|
|a 20160427d1886 km y0rusy50 ca
|
| 101 |
0 |
|
|a rus
|
| 102 |
|
|
|a RU
|
| 105 |
|
|
|a a z 000zy
|
| 200 |
1 |
|
|a Описание и результаты опытов над трением жидкостей и машин
|f Н. Петров
|
| 210 |
|
|
|a Санкт-Петербург
|c [Б. и.]
|d 1886
|
| 215 |
|
|
|a 438 с.
|c ил.
|e Прилож.: 5 графич. табл.
|
| 606 |
1 |
|
|a Трение
|2 stltpush
|3 (RuTPU)RU\TPU\subj\61560
|9 78748
|
| 606 |
1 |
|
|a Трение в механизмах
|2 stltpush
|3 (RuTPU)RU\TPU\subj\61565
|9 78753
|
| 610 |
1 |
|
|a внутреннее трение
|
| 610 |
1 |
|
|a внешнее трение
|
| 610 |
1 |
|
|a определение
|
| 610 |
1 |
|
|a способы
|
| 610 |
1 |
|
|a приборы
|
| 610 |
1 |
|
|a опыты
|
| 610 |
1 |
|
|a органические масла
|
| 610 |
1 |
|
|a смазывающие жидкости
|
| 610 |
1 |
|
|a смазывающие свойства
|
| 610 |
1 |
|
|a минеральные масла
|
| 610 |
1 |
|
|a нефтяные масла
|
| 610 |
1 |
|
|a машины
|
| 610 |
1 |
|
|a вагоны
|
| 610 |
1 |
|
|a оси
|
| 675 |
|
|
|a 539.62
|v 4
|
| 675 |
|
|
|a 621.01:539.3/.6
|v 4
|
| 700 |
|
1 |
|a Петров
|b Н.
|
| 801 |
|
1 |
|a RU
|b 63413507
|c 20160427
|
| 801 |
|
2 |
|a RU
|b 63413507
|c 20200623
|g RCR
|
| 942 |
|
|
|c BK
|